[Event "Mecklenburg VP Verbandsliga 2021"]
[Site "Mecklenburg VP"]
[Date "2020.09.27"]
[Round "1.1"]
[White "Stutz, Reno"]
[Black "Lehmann, Ruben"]
[Result "0-1"]
[WhiteElo "2039"]
[BlackElo "1954"]
[PlyCount "100"]
[EventDate "2020.09.27"]
[EventType "team-tourn"]
[EventRounds "9"]
[EventCountry "GER"]
[SourceTitle "EXT 2024"]
[Source "ChessBase"]
[SourceDate "2023.10.10"]
[SourceVersion "1"]
[SourceVersionDate "2023.10.10"]
[SourceQuality "1"]
[WhiteTeam "Wismar ASV Gruen-Weiss"]
[BlackTeam "Stralsund HSG"]
[WhiteTeamCountry "GER"]
[BlackTeamCountry "GER"]

1. d4 c5 2. dxc5 Nf6 3. Nc3 e6 4. e4 Bxc5 5. e5 Ng8 6. Qg4 Kf8 7. Ne4 Qb6 8. Nxc5 Qxc5 9. Be3 Qxe5 10. 0-0-0 Nc6 11. Nf3 Qa5 12. Bc4 d5 13. Bb3 Nge7 14. Qf4 f6 15. Qd6 Kf7 16. g4 Rd8 17. Qg3 e5 18. Rhg1 Be6 19. g5 Nf5 20. Qh3 Nxe3 21. Qh5+ Kg8 22. fxe3 f5 23. g6 h6 24. Ng5 hxg5 25. Qxg5 Qc7 26. Rdf1 Na5 27. Qh5 Nxb3+ 28. axb3 Rac8 29. Rg2 Kf8 30. Qh8+ Ke7 31. Qxg7+ Kd6 32. Qf6 Qe7 33. Rxf5 Qxf6 34. Rxf6 Rf8 35. Rxf8 Rxf8 36. h4 Rf1+ 37. Kd2 Rh1 38. g7 Bg8 39. Rg4 Rh2+ 40. Kc3 Kc5 41. b4+ Kb5 42. Rg5 Rxh4 43. Rxe5 Rc4+ 44. Kd2 Rc7 45. e4 Rxg7 46. exd5 Rd7 47. d6+ Kxb4 48. c3+ Kc4 49. Rh5 Rxd6+ 50. Kc2 Rd5 0-1

[Event "Mecklenburg VP Verbandsliga 1920"]
[Site "Mecklenburg VP"]
[Date "2020.01.19"]
[Round "5.2"]
[White "Stutz, Reno"]
[Black "Zentgraf, Robert"]
[Result "1/2-1/2"]
[WhiteElo "2017"]
[BlackElo "2171"]
[PlyCount "70"]
[EventDate "2019.09.29"]
[EventType "team-tourn"]
[EventRounds "9"]
[EventCountry "GER"]
[SourceTitle "EXT 2023"]
[Source "ChessBase"]
[SourceDate "2022.10.05"]
[SourceVersion "1"]
[SourceVersionDate "2022.10.05"]
[SourceQuality "1"]
[WhiteTeam "Wismar ASV Gruen-Weiss"]
[BlackTeam "Torgelow"]
[WhiteTeamCountry "GER"]
[BlackTeamCountry "GER"]

1. e4 c5 2. c3 g6 3. d4 cxd4 4. cxd4 d5 5. exd5 Nf6 6. Nc3 Bg7 7. Nf3 0-0 8. Bc4 Nbd7 9. 0-0 Nb6 10. Bb3 Nbxd5 11. Re1 Re8 12. Bg5 Nc7 13. Qd2 Be6 14. Bxe6 Nxe6 15. Rad1 Nxg5 16. Qxg5 Qb6 17. Qb5 Qxb5 18. Nxb5 Nd5 19. Rc1 Rec8 20. Ne5 a6 21. Nc3 Nf4 22. Rcd1 Rd8 23. g3 Nd5 24. Nxd5 Rxd5 25. Nc4 Re8 26. Ne5 Red8 27. Nf3 e5 28. Rc1 exd4 29. Rc7 b5 30. Ree7 d3 31. Rxf7 Bxb2 32. Nd2 b4 33. Rxh7 Bc3 34. Ne4 Re8 35. Nxc3 bxc3 1/2-1/2

[Event "Rostock SSC op 18th"]
[Site "Rostock"]
[Date "2019.08.10"]
[Round "6"]
[White "Stutz, Reno"]
[Black "Langer, Robert"]
[Result "1-0"]
[WhiteElo "2017"]
[BlackElo "1732"]
[PlyCount "79"]
[EventDate "2019.08.07"]
[EventType "swiss"]
[EventRounds "7"]
[EventCountry "GER"]
[SourceTitle "EXT 2020"]
[Source "ChessBase"]
[SourceDate "2019.10.17"]
[SourceVersion "1"]
[SourceVersionDate "2019.10.17"]
[SourceQuality "1"]

1. d4 Nf6 2. Nf3 g6 3. Nc3 Bg7 4. e4 d6 5. Be3 0-0 6. Qd2 Ng4 7. Bg5 Nd7 8. h3 Ngf6 9. 0-0-0 c6 10. Bh6 b5 11. Bxg7 Kxg7 12. e5 Ne8 13. h4 h5 14. Bd3 dxe5 15. g4 Ndf6 16. gxh5 Nxh5 17. Rhg1 exd4 18. Bxg6 fxg6 19. Qg5 Nf4 20. Rxd4 Qc7 21. Re4 Rf6 22. h5 Nh3 23. Qc5 Nd6 24. Rxg6+ Rxg6 25. Qe5+ Rf6 26. Rh4 Kh6 27. Qe3+ Kh7 28. Ng5+ Nxg5 29. Qxg5 Nf7 30. Qe3 Qe5 31. Ne4 Rf5 32. f4 Qe6 33. Qd3 Nd6 34. Ng5+ Kh6 35. Nxe6 Bxe6 36. Rg4 Bd5 37. Rg6+ Kxh5 38. Qg3 Bf7 39. Rg5+ Kh6 40. Qh4+ 1-0

[Event "Mecklenburg VP VL 1718"]
[Site "Mecklenburg VP"]
[Date "2018.01.21"]
[Round "5.3"]
[White "Luther, Alexander"]
[Black "Stutz, Reno"]
[Result "1-0"]
[WhiteElo "1973"]
[BlackElo "1967"]
[PlyCount "43"]
[EventDate "2017.10.08"]
[EventType "team-tourn"]
[EventRounds "9"]
[EventCountry "GER"]
[SourceTitle "EXT 2022"]
[Source "ChessBase"]
[SourceDate "2021.10.06"]
[SourceVersion "1"]
[SourceVersionDate "2021.10.06"]
[SourceQuality "1"]
[WhiteTeam "Guestrow/Teterow"]
[BlackTeam "Wismar ASV Gruen-Weiss"]
[WhiteTeamCountry "GER"]
[BlackTeamCountry "GE2"]

1. e4 c5 2. Nf3 a6 3. d4 cxd4 4. Nxd4 Nf6 5. Nc3 e5 6. Nb3 Bb4 7. Bd2 Bxc3 8. Bxc3 Nxe4 9. Qg4 Ng5 10. h4 Ne6 11. Bxe5 0-0 12. Bc4 Nc6 13. Bd6 Re8 14. 0-0-0 Qf6 15. f4 a5 16. f5 h5 17. Qxh5 Ned8 18. Rhe1 Ne5 19. Nc5 Ndc6 20. Ne4 Qh6+ 21. Qxh6 gxh6 22. Nf6+ 1-0

[Event "Mecklenburg VP VL 1718"]
[Site "Mecklenburg VP"]
[Date "2017.11.26"]
[Round "3.3"]
[White "Gwiazda, Slawomir"]
[Black "Stutz, Reno"]
[Result "1-0"]
[WhiteElo "1921"]
[BlackElo "1967"]
[PlyCount "25"]
[EventDate "2017.10.08"]
[EventType "team-tourn"]
[EventRounds "9"]
[EventCountry "GER"]
[SourceTitle "EXT 2022"]
[Source "ChessBase"]
[SourceDate "2021.10.06"]
[SourceVersion "1"]
[SourceVersionDate "2021.10.06"]
[SourceQuality "1"]
[WhiteTeam "Greifswald II"]
[BlackTeam "Wismar ASV Gruen-Weiss"]
[WhiteTeamCountry "GER"]
[BlackTeamCountry "GE2"]

1. d4 d5 2. c4 e5 3. dxe5 d4 4. Nf3 Nc6 5. Nbd2 Bg4 6. h3 Bh5 7. g3 Bb4 8. Bg2 Nge7 9. 0-0 0-0 10. Nb3 Bxf3 11. exf3 Nxe5 12. a3 Nxc4 13. axb4 1-0

[Event "Mecklenburg VP VL 1516"]
[Site "Mecklenburg VP"]
[Date "2016.04.24"]
[Round "9.3"]
[White "Stutz, Reno"]
[Black "Schmekel, Florian"]
[Result "0-1"]
[WhiteElo "1933"]
[BlackElo "1929"]
[PlyCount "108"]
[EventDate "2015.09.20"]
[EventType "team-tourn"]
[EventRounds "9"]
[EventCountry "GER"]
[SourceTitle "EXT 2022"]
[Source "ChessBase"]
[SourceDate "2021.10.06"]
[SourceVersion "1"]
[SourceVersionDate "2021.10.06"]
[SourceQuality "1"]
[WhiteTeam "Wismar ASV Gruen-Weiss"]
[BlackTeam "Torgelow Droegeheide"]
[WhiteTeamCountry "GER"]
[BlackTeamCountry "GER"]

1. d4 Nf6 2. Nf3 e6 3. e3 b6 4. Bd3 Bb7 5. 0-0 c5 6. b3 cxd4 7. exd4 Be7 8. Bb2 0-0 9. Nbd2 d6 10. Re1 Nbd7 11. c4 Rc8 12. Qe2 Re8 13. Rad1 Bf8 14. Bb1 Qc7 15. Qd3 g6 16. Ng5 Bg7 17. Nde4 Nxe4 18. Nxe4 d5 19. cxd5 Bxd5 20. Nc3 Nf6 21. Nb5 Qd7 22. Rc1 Be4 23. Qe2 Bxb1 24. Rxb1 Nd5 25. a4 Red8 26. Rbc1 Ne7 27. Qe4 Nf5 28. Rxc8 Rxc8 29. Rd1 a6 30. Na3 Rd8 31. Nc2 h5 32. h3 a5 33. Rd3 b5 34. axb5 Nd6 35. Qe1 Qxb5 36. Qd1 a4 37. Na3 Qb7 38. Nb1 Rb8 39. Ba3 Nf5 40. b4 Qd7 41. d5 Rd8 42. g4 hxg4 43. hxg4 Ne7 44. d6 Nd5 45. Nd2 Qb5 46. Ne4 Qc4 47. Qf3 Be5 48. g5 Kg7 49. Nf6 Nf4 50. Rd2 Rh8 51. d7 Nh3+ 52. Kg2 Nxg5 53. Ne8+ Kg8 54. d8Q Rh2+ 0-1

[Event "Mecklenburg VP VL 1516"]
[Site "Mecklenburg VP"]
[Date "2015.10.11"]
[Round "2.3"]
[White "Stutz, Reno"]
[Black "Luther, Alexander"]
[Result "1/2-1/2"]
[WhiteElo "1933"]
[BlackElo "1961"]
[PlyCount "80"]
[EventDate "2015.09.20"]
[EventType "team-tourn"]
[EventRounds "9"]
[EventCountry "GER"]
[SourceTitle "EXT 2022"]
[Source "ChessBase"]
[SourceDate "2021.10.06"]
[SourceVersion "1"]
[SourceVersionDate "2021.10.06"]
[SourceQuality "1"]
[WhiteTeam "Wismar ASV Gruen-Weiss"]
[BlackTeam "Guestrow/Teterow"]
[WhiteTeamCountry "GER"]
[BlackTeamCountry "GER"]

1. d4 Nf6 2. Nf3 e6 3. e3 d5 4. Bd3 c5 5. b3 Nc6 6. 0-0 cxd4 7. exd4 Bd6 8. Bb2 0-0 9. Nbd2 Qc7 10. c4 b6 11. Rc1 Bb7 12. cxd5 exd5 13. Ne5 Nd7 14. Ndf3 f6 15. Nxc6 Bxc6 16. Qc2 Nb8 17. Bxh7+ Kh8 18. Qf5 g5 19. Bg6 Qd7 20. Rfe1 Qxf5 21. Bxf5 Bb4 22. Re2 Bb5 23. Rec2 Bd6 24. Rc8 Na6 25. Rxa8 Rxa8 26. a4 Be8 27. h4 Bf4 28. Re1 Bh5 29. g4 Bf7 30. Re7 Kg8 31. h5 Nc7 32. Bc1 Bd6 33. Rd7 Ne8 34. Bd2 Bf8 35. Kg2 Nd6 36. Bd3 Be6 37. Rc7 Ne8 38. Rb7 Nd6 39. Rc7 Ne8 40. Rb7 Nd6 1/2-1/2

[Event "Rostock SSC op 12th"]
[Site "Rostock"]
[Date "2013.07.31"]
[Round "1"]
[White "Stutz, Reno"]
[Black "Wulf, Doris"]
[Result "1-0"]
[WhiteElo "1991"]
[BlackElo "1138"]
[PlyCount "67"]
[EventDate "2013.07.31"]
[EventType "swiss"]
[EventRounds "7"]
[EventCountry "GER"]
[SourceTitle "EXT 2018"]
[Source "ChessBase"]
[SourceDate "2017.10.13"]
[SourceVersion "1"]
[SourceVersionDate "2017.10.13"]
[SourceQuality "1"]

1. e4 c5 2. c3 e6 3. d4 cxd4 4. cxd4 d6 5. Nc3 Nf6 6. Nf3 b6 7. Bd3 Bb7 8. 0-0 Nbd7 9. Re1 Be7 10. Bf4 Nh5 11. Be3 Nhf6 12. Rc1 a6 13. a4 0-0 14. Qe2 Re8 15. Rc2 Ng4 16. Bf4 e5 17. Bg3 exd4 18. Nxd4 Nge5 19. Nf5 Bf6 20. f3 Nc5 21. Bc4 Nxc4 22. Qxc4 Bxc3 23. Qxc3 f6 24. b4 Nxa4 25. Qb3+ d5 26. Qxa4 dxe4 27. Rc7 b5 28. Qb3+ Bd5 29. Rxg7+ Kh8 30. Qe3 Be6 31. Rxh7+ Kg8 32. Rg7+ Kf8 33. Qc5+ Re7 34. Rxe7 1-0

[Event "Mecklenburg VP VL 1112"]
[Site "Mecklenburg VP"]
[Date "2012.01.15"]
[Round "5.3"]
[White "Ispirjan, Mikael"]
[Black "Stutz, Reno"]
[Result "1-0"]
[WhiteElo "1760"]
[BlackElo "1921"]
[PlyCount "97"]
[EventDate "2011.10.02"]
[EventType "team-tourn"]
[EventRounds "9"]
[EventCountry "GER"]
[SourceTitle "EXT 2022"]
[Source "ChessBase"]
[SourceDate "2021.10.06"]
[SourceVersion "1"]
[SourceVersionDate "2021.10.06"]
[SourceQuality "1"]
[WhiteTeam "Torgelow Droegeheide"]
[BlackTeam "Wismar ASV Gruen-Weiss"]
[WhiteTeamCountry "GER"]
[BlackTeamCountry "GER"]

1. e4 c5 2. Nf3 a6 3. c3 e6 4. d4 d5 5. exd5 exd5 6. Be2 Bd6 7. 0-0 Ne7 8. dxc5 Bxc5 9. Bf4 Nbc6 10. Nbd2 0-0 11. Nb3 Ba7 12. Nfd4 Nf5 13. Nxf5 Bxf5 14. Qd2 Re8 15. Rad1 Qf6 16. Rfe1 Be4 17. Bf1 Rad8 18. Be3 Ne5 19. Bf4 Ng6 20. Bg3 h5 21. h3 h4 22. Bh2 Ne5 23. Qf4 Qg6 24. Rxe4 Nf3+ 25. Qxf3 dxe4 26. Qe2 Rxd1 27. Qxd1 e3 28. Nd4 exf2+ 29. Kxf2 Qg5 30. Be2 Qe3+ 31. Kf1 Rd8 32. Bg1 Qf4+ 33. Bf2 Rd6 34. Bf3 Qh2 35. Qe2 Bxd4 36. Qe8+ Kh7 37. Be4+ g6 38. Qxf7+ Bg7 39. Bd4 Rf6+ 40. Bxf6 Qf4+ 41. Bf3 Qc1+ 42. Kf2 Qxb2+ 43. Ke3 Qc1+ 44. Ke4 Qc2+ 45. Kd4 Qf2+ 46. Ke5 Qc5+ 47. Bd5 Qxc3+ 48. Ke6 Qc8+ 49. Kd6 1-0